National stock exchange infobook, 1996 (Record no. 1288829)

MARC details
000 -LEADER
fixed length control field 00497nam a2200193Ia 4500
005 - DATE AND TIME OF LATEST TRANSACTION
control field 20250326141128.0
008 - FIXED-LENGTH DATA ELEMENTS--GENERAL INFORMATION
fixed length control field 250326s9999 xx 000 0 und d
037 ## - SOURCE OF ACQUISITION
Stock number Textbook
040 ## - CATALOGING SOURCE
Original cataloging agency FMSL
Language of cataloging eng
Transcribing agency FMSL
041 ## - LANGUAGE CODE
Language code of text/sound track or separate title eng
Source of code eng
084 ## - COLON CLASSIFICATION NUMBER
Assigning agency FMSL
100 ## - MAIN ENTRY--PERSONAL NAME
Personal name Info Bank
9 (RLIN) 743767
245 #0 - TITLE STATEMENT
Title National stock exchange infobook, 1996
Statement of responsibility, etc. Info Bank
250 ## - EDITION STATEMENT
Edition statement Ed 3rd
260 ## - PUBLICATION, DISTRIBUTION, ETC.
Place of publication, distribution, etc. Delhi
Name of publisher, distributor, etc. Delhi, DSI Communications
Date of publication, distribution, etc. 1996
300 ## - PHYSICAL DESCRIPTION
Extent V..
942 ## - ADDED ENTRY ELEMENTS (KOHA)
Koha item type Textbook
Holdings
Withdrawn status Lost status Damaged status Not for loan Home library Current library Date acquired Total Checkouts Barcode Date last seen Price effective from Koha item type
        Faculty of Management Library Faculty of Management Library 2025-03-26   ML1140511 2025-03-26 2025-03-26 Textbook
Copyright @ Delhi University Library System